Cultura general de España #4 - Estadísticas

Estadísticas generales
  • Esta prueba ha sido intentada 5.857 veces
  • La puntuación promedio es 13 de 20
Estadísticas de respuestas
Pregunta Respuesta % Correcto
¿En qué mes se celebra el Día de la Hispanidad? Octubre
95%
¿Qué partido político ultraconservador se fundó en 2013? Vox
90%
¿Qué interjección se utiliza en el contexto el flamenco o las corridas de toros? Olé
89%
¿Cómo se llama el deporte similar a fútbol pero en una cancha de suelo duro? Fútbol sala
85%
¿Qué palabra refiere al trozo de pan ofrecido en la Misa pero también se utiliza como palabrota? Hostia
84%
Los ganadores de los Premios Anuales de la Academia reciben un busto. ¿De quién es ese busto? Francisco de Goya
78%
¿Qué animal se suele asar entero en Segovia? Cochinillo
73%
¿Quién fue entrenador de la selección española en la Eurocopa 2024? Luis de la Fuente
72%
¿Cuál se podría describir como la versión de las tapas en el País Vasco? Pintxo
72%
¿Con qué grupo musical tuvo Amaia Montero su debut como vocalista? La Oreja de Van Gogh
68%
¿Qué famoso guitarrista de flamenco nació en Andalucía y murió en México? Paco de Lucía
68%
¿Qué bebida alcohólica es gaseosa y lleva trozos de fruta? Sangría
64%
¿Para qué comida es la DOP Jabugo? Jamón Ibérico
63%
¿Qué objeto usado para resfrescarse también es una expresión de arte? Abanico
56%
¿De qué familia, que vive en 'Santa Justa', trata una serie de televisión? Los Serrano
55%
¿Cuál es el nombre de Ibiza en catalán? Eivissa
46%
¿Qué juego de naipes, utilizando la baraja española, tiene el objetivo de ganar ocho amarrakos? Mus
45%
¿Qué caramelo es redondo, dura mucho y pone tu lengua a bailar? Chupa Chups
35%
¿Qué fiesta celebra la cosecha de castañas en los primeros días de noviembre? Magosto
27%
¿Qué título nobiliario creó Juan Carlos I a favor de la viuda de Franco? Señorío de Meirás
4%
No se encontraron pruebas coincidentes
Distribución de puntuación
Porcentaje de gente con cada puntuación
Porcentaje por número respondido
Historial de tus puntuaciones
No has intentado esta prueba.